History by Picture - A - Statistics

General Stats
  • This quiz has been taken 46,047 times
    46,009 since last reset
  • The average score is 11 of 18
Answer Stats
Picture Hint Answer % Correct
person Neil Armstrong
96%
1970s African-American hairstyle Afro
87%
event {American} Revolution
76%
culture Aztec
76%
person Alexander the Great
75%
type of structure Aqueduct
75%
goddess Athena
75%
alliance Axis
73%
empire (1914) Austria-Hungary
67%
person Augustus
60%
temple Angkor Wat
55%
hill Acropolis
53%
person (on right) Aristotle
52%
former capital city Agra
48%
military leader Attila the Hun
43%
beverage Absinthe
37%
astronomer's tool Astrolabe
18%
palace Alhambra
17%
No matching quizzes found
Score Distribution
Percent of People with Each Score
Percentile by Number Answered
Your Score History
You have not taken this quiz since the last reset